000 00885nam a22003011i 4500
999 _c2082
_d2082
001 018552725
003 Uk
005 20230306093506.0
008 200810s2017 enkab j 001|0|eng|d
015 _aGBC0E0619
_2bnb
016 7 _a018552725
_2Uk
020 _a9781786173348 (paperback) :
040 _aStDuBDS
_beng
_cStDuBDS
_erda
_dKH8
042 _aukblsr
082 0 4 _a550 BLA
_223
245 0 0 _aFantastic Earth facts.
264 1 _aThaxted, Essex :
_bMiles Kelly,
_c2017.
300 _a384 pages :
_billustrations (colour), maps (colour) ;
_c23 cm
336 _atext
_2rdacontent
336 _astill image
_2rdacontent
336 _acartographic image
_2rdacontent
337 _aunmediated
_2rdamedia
338 _avolume
_2rdacarrier
500 _aIncludes index.
650 0 _aEarth sciences
_vJuvenile literature.
700 _aBlake, Carly
_eeditor
942 _2ddc
_cNFIC